| 000 | 02311nam0a2200457 4500 | ||
|---|---|---|---|
| 001 | RU\NLR\BIBL_A\022517218 | ||
| 005 | 20260409073420.0 | ||
| 010 |
_a978-5-93646-481-2 _9100 |
||
| 035 | _a(NLR Aleph) 022517218 | ||
| 090 |
_a13396628 _c13396628 |
||
| 100 | _a20250409d2025 |||y0rusy50 ca | ||
| 101 | 1 |
_arus _crus _aeng |
|
| 102 | _aRU | ||
| 105 | _aah||z|||001yd | ||
| 181 | 0 |
_ai4 _baxxe |
|
| 182 | 0 | _an | |
| 182 | 0 | _ab | |
| 200 | 1 |
_aИловайские _dIllovaiskiis _eфотоальбом № 18 _fС. В. Корягин, Е. Ю. Нецецкая _gперевод с русского Е. Ю. Нецецкой _zeng |
|
| 203 |
_aТекст _bвизуальный _cнепосредственный |
||
| 203 |
_aТекст _bвизуальный _cэлектронный |
||
| 210 |
_aМосква _cДревлехранилище _d2025 |
||
| 215 |
_a256 с. _cил., факс. _d21 _e1 электрон. опт. диск (CD-ROM) |
||
| 225 | 1 |
_aГенеалогия и семейная история Донского казачества _vвып. 157 |
|
| 300 | _aАвт. также англ.: Koriagin S., Netsetskaia E. | ||
| 300 | _aТекст рус., англ. | ||
| 300 | _aЧасть кн., указ. в содерж. (с. 257-548 с имен. указ.), размещена на диске | ||
| 320 | _aБиблиогр. в тексте | ||
| 510 | 1 |
_6z11790 _aIllovaiskiis _zeng |
|
| 602 |
_aИловайские (род) _3RU\NLR\AUTH\6601589562 _92269682 |
||
| 606 |
_aДонское казачество _xГенеалогия _3RU\NLR\AUTH\661261427 _92085312 |
||
| 686 | 1 | _aТ214(2) | |
| 686 | 1 | _aТ3(2)0-294 | |
| 700 | 1 |
_7ca _8rus _aКорягин _bС. В. _cканд. техн. наук _cисторик казачества _gСергей Викторович _9154033 _3RU\NLR\AUTH\770154071 |
|
| 701 | 1 |
_aНецецкая _bЕ. Ю. _gЕлена Юрьевна |
|
| 722 |
_4280 _8rus _aИловайские (род) _7ca _3RU\NLR\AUTH\7711929 _9121664 |
||
| 790 | 1 |
_7ba _8rus _aKorjagin _bS. V. _cканд. техн. наук _cисторик казачества _gSergej Viktorovič _9154039 _3RU\NLR\AUTH\770154077 |
|
| 790 | 1 |
_6z11 _6z11510 _aNececkaja _bE. J. _gElena Jur'evna |
|
| 942 | _cBOOK | ||
| 980 | _aNB | ||